Αποτελεσματική διαφήμιση : πώς σχεδιάζονται και υλοποιούνται ολοκληρωμένες επικοινωνιακές καμπάνιες

Saved in:
Bibliographic Details
Other Authors: Arens, William F.
Format: Book
Language:Greek
English
Published: Αθήνα : Rosili, c2015.
Series:Μάρκετινγκ (Rosili)
Subjects:
Tags: Add Tag
No Tags, Be the first to tag this record!

MARC

LEADER 00000cam a2200000 a 4500
001 1/114802
008 170905s2015####gr | ||| |||| ||gre||
020 |a 9789607745385 
040 |a GR-MyUa  |b gre  |c GR-MyUa  |e AACR2 
041 1 |a gre  |h eng 
082 7 |a 659.1   |2 (23)  
245 0 0 |a Αποτελεσματική διαφήμιση :   |b πώς σχεδιάζονται και υλοποιούνται ολοκληρωμένες επικοινωνιακές καμπάνιες /   |c W. Arens ... [κ. ά.] ; επιστημονική επιμέλεια Γεώργιος Αυλωνίτης, Φλώρα Κοκκινάκη ; μετάφραση Θοδωρής Κωτσόπουλος.  
260 |a Αθήνα :   |b Rosili,   |c c2015.  
300 |a xx, 538 σ. :   |b εικ. ;   |c 29 εκ.  
490 1 |a (Μάρκετινγκ / Rosili)  
504 |a Περιλαμβάνει βιβλιογραφικές παραπομπές (σ. [520]-538) 
500 |a Τίτλος πρωτοτύπου: M: advertising.  
650 0 |a Advertising. 
700 1 |a Arens, William F. 
830 0 |a Μάρκετινγκ (Rosili) 
852 |a INST  |b CHIOS  |c EUDOXUS  |e 20180821  |h 659.1 ΑΠΟ  |p 005200038755  |q 005200038755  |t BK  |y 0 
852 |a INST  |b SYROS  |e 20170905  |h 659.1 ΑΠΟ  |p 005500013113  |q 005500013113  |t BK  |y 0 
920 |a Εύδοξος  |b Παραγγελία  |y Χίος-ΤΔΕ  |z 2018-05 
970 |a Κοντού  |b Παρασκευή  |z 05/09/2017